Comparative plant virology (Record no. 134554)

MARC details
000 -LEADER
fixed length control field 00635nam a2200217Ia 4500
008 - FIXED-LENGTH DATA ELEMENTS--GENERAL INFORMATION
fixed length control field 191130s2009##################000#0#eng##
020 ## - INTERNATIONAL STANDARD BOOK NUMBER
ISBN 9780123741547
082 ## - DEWEY DECIMAL CLASSIFICATION NUMBER
Classification number 579.28 HUL
100 ## - MAIN ENTRY--AUTHOR NAME
Personal name Hull, Roger
245 ## - TITLE STATEMENT
Title Comparative plant virology
Statement of responsibility, etc Roger Hull
250 ## - EDITION STATEMENT
Edition statement 2nd ed
260 ## - PUBLICATION, DISTRIBUTION, ETC. (IMPRINT)
Place of publication Amsterdam ; Boston
Name of publisher Elsevier / Academic Press
Year of publication 2009
300 ## - PHYSICAL DESCRIPTION
Number of Pages xvi, 376 p. : ill. (some col.) ; 25 cm
500 ## - GENERAL NOTE
General note Includes bibliographical references and index
650 ## - SUBJECT ADDED ENTRY--TOPICAL TERM
Topical Term Plant viruses
991 ## -
-- 232430
Holdings
Withdrawn status Lost status Damaged status Not for loan Home library Current library Shelving location Date acquired Full call number Accession Number Price effective from Koha item type
        Anna Centenary Library Anna Centenary Library 5TH FLOOR, A WING 12.10.2020 579.28 HUL 350629 12.10.2020 English Books

Find us on the map